Business laws : (Record no. 84994)

MARC details
000 -LEADER
fixed length control field 00684nam a22002057a 4500
005 - DATE AND TIME OF LATEST TRANSACTION
control field 20140616124611.0
010 ## - LCCN (DPL NO)
LC control number ENG-110121
020 ## - INTERNATIONAL STANDARD BOOK NUMBER
International Standard Book Number 9789325968851
Terms of availability 250.00
035 ## - SYSTEM CONTROL NUMBER
System control number EN-93654
037 ## - SOURCE OF ACQUISITION
Source of stock number/acquisition DBAD/PUB
082 ## - DEWEY DECIMAL CLASSIFICATION NUMBER
Classification number 346.07
100 ## - MAIN ENTRY--PERSONAL NAME
Personal name Kuchhal, M.C.
245 ## - TITLE STATEMENT
Title Business laws :
Statement of responsibility, etc by M.C. Kuchhal [and] Vivek Kuchhal
Remainder of title for four year undergraduate programme in commerce, semester-I, paper DCI-1, University of Delhi
250 ## - EDITION STATEMENT
Edition statement 3rd rev. ed
260 ## - PUBLICATION, DISTRIBUTION, ETC. (IMPRINT)
Place of publication, distribution, etc Noida
Name of publisher, distributor, etc Vikas Publishing House
Date of publication, distribution, etc 2013
270 ## - ADDRESS
Address E-28, Sector-8, Noida
City Noida
Postal code 201301
300 ## - PHYSICAL DESCRIPTION
Extent xxiv,360p.
Dimensions 22cm(pbk)
700 ## - ADDED ENTRY--PERSONAL NAME
Personal name Kuchhal, Vivek
942 ## - ADDED ENTRY ELEMENTS (KOHA)
Source of classification or shelving scheme Dewey Decimal Classification
Item type English Books
Call number suffix KUC
Classification part 346.07
Holdings
Withdrawn status Lost status Not for loan Collection code Home library Current library Date acquired Source of acquisition Cost, normal purchase price Full call number Barcode Copy number Cost, replacement price Koha item type
    Not For Loan Non-fiction D.B.Act.Division D.B.Act.Division 10/06/2014 ENG-110121 250.00 346.07 KUC EN-93654 1 250.00 English Books

© Delhi Public Library
Hit Counter
free hit counter